Statistics for NBA Nicknames

Click here to take the quiz!

General Stats

  • This quiz has been taken 37 times
  • The average score is 12 of 15

Answer Stats

HintAnswer% Correct
The Greek FreakGiannis Antetokoupo
96%
Black MambaKobe Bryant
96%
Uncle DrewKyrie Irving
93%
The Great WallYao Ming
93%
White ChocolateJason Wiliams
85%
The MailmanKarl Malone
85%
The Big TicketKevin Garnett
85%
The TruthPaul Pierce
85%
The GloveGary Payton
81%
The IcemanGeorge Gervin
74%
Chocolate ThunderDarryl Dawkins
70%
The AdmiralDavid Robinson
67%
The Big BabyGlen Davis
67%
Agent ZeroGilbert Arenas
63%
Dr. DunkensteinDarrell Griffith
59%

Score Distribution

Percentile by Number Answered

Percent of People with Each Score

Your Score History

You have not taken this quiz